Normal view
MARC view
- Guide Name:Dhamankar Namrata
Entry Personal Name
001 - CONTROL NUMBER
- control field: 210328
003 - CONTROL NUMBER IDENTIFIER
- control field: OSt
005 - DATE AND TIME OF LATEST TRANSACTION
- control field: 20250110171526.0
008 - FIXED-LENGTH DATA ELEMENTS
- fixed length control field: 250110|| aca||aabn | a|a d
040 ## - CATALOGING SOURCE
- Original cataloging agency: OSt
- Transcribing agency: OSt
100 ## - HEADING--PERSONAL NAME
- Personal name: Guide Name:Dhamankar Namrata
670 ## - SOURCE DATA FOUND
- Source citation: Work cat.: (OSt)363520: Bhagwat Namrata 182653, Study On Achieving Thermal Comfort With Low Cooling Energy Demand In Multi Storeyed Atriums Of Shopping Malls In Pune : Means Of Alternative Ventilation Strategies And Passive Design, 2014